| 000 | 00722nam a2200205 a 4500 | ||
|---|---|---|---|
| 001 | 000034984 | ||
| 005 | 20240510073817.0 | ||
| 008 | 111024s1944 ag c 000 0 spa d | ||
| 040 |
_aDO-SdBNP _bspa _cBNPHU |
||
| 082 |
_a100 _bD579e |
||
| 100 | 1 |
_aDilthey, Guillermo _d1833-1911 _945679 |
|
| 245 | 1 | 3 |
_aLa esencia de la filosofía / _cGuillermo Dilthey ; estudio preliminar Eugenio Pucciarelli ; traducción Elsa Tabernig. |
| 260 |
_aBuenos Aires : _bLosada, _c1944. |
||
| 300 |
_a208 p. : _bretr. ; _c21 cm. |
||
| 600 | 1 | 4 |
_aDILTHEY, GUILLERMO _d1833-1911 _945680 |
| 650 | 0 |
_aFilosofía _9813 |
|
| 700 | 1 | 2 |
_aPucciarelli, Eugenio _98493 |
| 700 | 1 | 2 |
_aTabering, Elsa, _etr. _960589 |
| 910 | _aValidado. Control de calidad MFF | ||
| 999 |
_c34475 _d34475 |
||